| 000 | 00595nam a22001817a 4500 | ||
|---|---|---|---|
| 020 | _a9780702069307 | ||
| 082 |
_a616.07561 _bBAI |
||
| 100 |
_aBain, Barbara J.; Bates, Imelda _9114117 |
||
| 245 |
_aDacie and Lewis Practical Haematology / _cBarbara J. Bain; Imelda Bates; Michael A. Laffan |
||
| 250 | _a12th Edition. | ||
| 260 |
_aChina : _bElsevier, _c2017. |
||
| 300 |
_a585 p. ; _bill, _c25 cm. |
||
| 650 |
_aBlood--Examination _9114118 |
||
| 650 |
_aHematology--Technique _9114119 |
||
| 650 |
_aBlood--Analysis _9114120 |
||
| 650 |
_aBlood--Diseases--Diagnosis _9114121 |
||
| 942 |
_2ddc _cBK |
||
| 999 |
_c595514 _d595514 |
||